Torschützenliste der Premier League 2018-2019 - Statistiken

Allgemein
  • Dieses Quiz wurde 70 mal gespielt
  • Das Durchschnittsergebnis liegt bei 11 aus 15
Antwortstatistiken
Tore Nationalität Verein Spieler % Korrekt
22 Ägypten FC Liverpool Mohamed Salah
100%
22 Senegal FC Liverpool Sadio Mané
100%
17 England Tottenham Hotspur Harry Kane
98%
18 England Leicester City Jamie Vardy
98%
22 Gabun FC Arsenal Pierre-Emerick Aubameyang
98%
21 Argentinien Manchester City Sergio Agüero
98%
16 Belgien FC Chelsea Eden Hazard
92%
17 England Manchester City Raheem Sterling
89%
13 Frankreich FC Arsenal Alexandre Lacazette
70%
13 Island FC Everton Gylfi Sigurðsson
66%
13 Frankreich Manchester United Paul Pogba
64%
13 Mexiko Wolverhampton Wanderers Raúl Jiménez
59%
13 Brasilien FC Everton Richarlison
58%
14 England AFC Bournemouth Callum Wilson
23%
13 England Brighton & Hove Albion Glenn Murray
16%
Keine übereinstimmenden Quizze gefunden
Verteilung der Resultate
Anzahl Personen mit jedem Resultat
Perzentil nach korrekt beantworteten Fragen
Ihre Resultats-Entwicklung
Sie haben dieses Quiz noch nicht gespielt